<?xml version="1.0" encoding="UTF-8"?><?xml-stylesheet type="text/xsl" href="static/style.xsl"?><OAI-PMH xmlns="http://www.openarchives.org/OAI/2.0/" xmlns:xsi="http://www.w3.org/2001/XMLSchema-instance" xsi:schemaLocation="http://www.openarchives.org/OAI/2.0/ http://www.openarchives.org/OAI/2.0/OAI-PMH.xsd"><responseDate>2026-04-13T02:10:23Z</responseDate><request verb="GetRecord" identifier="oai:www.recercat.cat:2445/24157" metadataPrefix="marc">https://recercat.cat/oai/request</request><GetRecord><record><header><identifier>oai:recercat.cat:2445/24157</identifier><datestamp>2025-12-05T10:58:28Z</datestamp><setSpec>com_2072_1057</setSpec><setSpec>col_2072_478917</setSpec><setSpec>col_2072_478932</setSpec></header><metadata><record xmlns="http://www.loc.gov/MARC21/slim" xmlns:dcterms="http://purl.org/dc/terms/" xmlns:xsi="http://www.w3.org/2001/XMLSchema-instance" xmlns:doc="http://www.lyncode.com/xoai" xsi:schemaLocation="http://www.loc.gov/MARC21/slim http://www.loc.gov/standards/marcxml/schema/MARC21slim.xsd">
   <leader>00925njm 22002777a 4500</leader>
   <datafield ind2=" " ind1=" " tag="042">
      <subfield code="a">dc</subfield>
   </datafield>
   <datafield ind2=" " ind1=" " tag="720">
      <subfield code="a">Blanco Villaseñor, Ángel</subfield>
      <subfield code="e">author</subfield>
   </datafield>
   <datafield ind2=" " ind1=" " tag="260">
      <subfield code="c">2012-04-19T08:53:02Z</subfield>
   </datafield>
   <datafield ind2=" " ind1=" " tag="260">
      <subfield code="c">2012-04-19T08:53:02Z</subfield>
   </datafield>
   <datafield ind2=" " ind1=" " tag="260">
      <subfield code="c">1989</subfield>
   </datafield>
   <datafield ind2=" " ind1=" " tag="520">
      <subfield code="a">Vamos a tratar de sintetizar la contribución original de los autores de la primera obra sobre generalizabilidad (Cronbach, Gleser, Nanda y Rajaratnam, 1972) y de cómo han ido progresando los conceptos anteriores de la fiabilidad de las medidas dentro del contexto particular de la metodologia observacional. El primer objeto de estos autores ha sido poner en orden la multitud de coeficientes que se habian desarrollado para cuantificar la fiabilidad de un instrumento de medida. Sin enumerarlos, recordemos simplemente que estos coeficientes tienen su fundamento en una comparación entre observadores, individuos, momentos, etc. y que buscan, desde grados muy diversos, una hipotesis de equivalencia. Estos coeficientes parecen entrar en contradicción entre ellos y no son capaces de medir la fiabilidad real de un instrumento. Cronbach y cols. han desarrollado un modelo mas extens0 que admite la multidimensionalidad de las fuentes de variancia que afectan a una puntuación observada.</subfield>
   </datafield>
   <datafield tag="653" ind2=" " ind1=" ">
      <subfield code="a">Conducta (Psicologia)</subfield>
   </datafield>
   <datafield tag="653" ind2=" " ind1=" ">
      <subfield code="a">Human behavior</subfield>
   </datafield>
   <datafield ind2="0" ind1="0" tag="245">
      <subfield code="a">Fiabilidad y generalización de la observación conductual</subfield>
   </datafield>
</record></metadata></record></GetRecord></OAI-PMH>